LEADER 01347nam a2200289 i 4500 001 000000141848 003 CaOOAMICUS 005 20050803000000.0 008 050803s1982 it u000 u ita u 013 $a116577 020 $a88-280-0001-5 040 $aSeMil$bita 100 1 $aDentone, Adriana.$0(OLS)http://semarc/name/56439 245 12$aL'esistente e il principio di realtà :$betica e psicoanalisi /$cAdriana Dentone. 260 $aMilano :$bMarzorati,$ccopyr. 1982. 300 $a213 p. ;$c22 cm. 490 0 $aPubblicazioni dell'Istituto di Filosofia Facoltà di Magistero dell'Università di Genova ;$v34 500 $aContiene : Indice dei nomi. 650 4$aInconscio.$0(OLS)http://semarc/subject/13491 650 4$aEsistenza - Filosofia.$0(OLS)http://semarc/subject/11396 830 0$aPubblicazioni dell'Istituto di filosofia, Facoltà di Magistero dell'Università di Genova ;$v34.$0(OLS)http://semarc/title/18375 850 $aSeMil 852 $aSeMil$W1$xVenegono$y1$m174 34 34 *$j95061$B95061$CSeMilBibl$Z2$F101530 $81 961 $aLascito: Corradi mons. Enrico 996 $6020$a88-280-0001-5$9(OLS)http://semarc/number/130099 996 $6245$aL'esistente e il principio di realtà :$betica e psicoanalisi$9(OLS)http://semarc/title/207375 996 $6260$aMilano :$bMarzorati$9(OLS)http://semarc/publisher/29683 LEADER 01147nam a2200289 i 4500 001 000000161100 003 CaOOAMICUS 005 20070502000000.0 008 070502s2007 it u000 u ita u 013 $a138463 020 $a88-213-0637-2 040 $aSeMil$bita 100 1 $aDomínguez Prieto, Xosé Manuel.$0(OLS)http://semarc/name/42474 245 10$aEtica del docente /$cXosé Manuel Domínguez Prieto. 260 $aRoma :$bLAS,$ccopyr. 2007. 300 $a120 p. ;$c19 cm. 490 0 $aIeri oggi domani ;$v42 650 4$aInsegnamento.$0(OLS)http://semarc/subject/11690 650 4$aValori.$0(OLS)http://semarc/subject/17488 650 4$aEtica e educazione.$0(OLS)http://semarc/subject/17489 830 0$aIeri oggi domani ;$v42.$0(OLS)http://semarc/title/9744 850 $aSeMil 852 $aSeMil$W1$xVenegono$y1$m2Q I 31$j112533$B112533$CSeMilBibl$Z2$F123902 $81 961 $aOmaggio per recensione: Scuola Cattolica 996 $6020$a88-213-0637-2$9(OLS)http://semarc/number/74212 996 $6245$aEtica del docente$9(OLS)http://semarc/title/144008 996 $6260$aRoma :$bLAS$9(OLS)http://semarc/publisher/29900